| 000 | 00455nam a2200181Ia 4500 | ||
|---|---|---|---|
| 001 | 8240 | ||
| 005 | 20260306160554.0 | ||
| 008 | 260306t2010||||xx |||||||||||||| ||spa|| | ||
| 041 | _aESP | ||
| 082 |
_a370.15 _bT59 |
||
| 100 |
_aTirado Segura, Felipe _eAUT |
||
| 245 | 0 |
_aPsicología educativa: _bpara afrontar los desafíos del Siglo XXI |
|
| 260 | _c2010 | ||
| 300 |
_a384páginas : _c |
||
| 650 | _aGEN | ||
| 654 | _aCED | ||
| 942 |
_cLIB _dJUS _fJUS _2ddc _n |
||
| 999 |
_c8240 _d8240 |
||